The family of Max Desir /
Guardat en:
| Autor principal: | |
|---|---|
| Format: | Llibre |
| Idioma: | anglès |
| Publicat: |
New York :
New American Library,
1984, c1983.
|
| Etiquetes: |
Sense etiquetes, Sigues el primer a etiquetar aquest registre!
|
MARC
| LEADER | 00000pam a2200000 a 4500 | ||
|---|---|---|---|
| 001 | 3313323 | ||
| 003 | loc | ||
| 005 | 20250827144336.0 | ||
| 008 | 840312t19841983nyu 000 1 eng | ||
| 010 | |a 84004906 | ||
| 020 | |a 0452255872 | ||
| 020 | |a 9780452255876 | ||
| 035 | |a 3313323 | ||
| 040 | |a DLC |c DLC |d DLC | ||
| 050 | 0 | 0 | |a PS3556.E76 |b F3 1984 |
| 082 | 0 | 0 | |a 813/.54 |2 19 |
| 100 | 1 | |a Ferro, Robert. | |
| 245 | 1 | 4 | |a The family of Max Desir / |c Robert Ferro. |
| 260 | |a New York : |b New American Library, |c 1984, c1983. | ||
| 300 | |a 217 p. ; |c 21 cm. | ||
| 500 | |a "A Plume book." | ||
| 906 | |a 7 |b cbc |c orignew |d 1 |e ocip |f 19 |g y-gencatlg | ||
| 942 | |2 ddc |c BK | ||
| 952 | |0 0 |1 0 |2 ddc |4 0 |6 B_LNR02FERROFAM11 |7 0 |9 7725 |a MI |b MI |d 2012-06-25 |i 362 |l 0 |o B-LNR02-FERRO-FAM11 |p CDOM362 |r 2025-07-13 16:28:00 |w 2025-07-13 |x DONO |y BK | ||
| 955 | |a LCAP batch update 2025-06-02-04:00: LCAPM-644, LCAPM-150 | ||
| 999 | |c 6401 |d 6401 | ||